004250000a22001570004500020001800000041000800018082001900026100001900045245006400064260003300128300001200161001000600173336002700179337003300206338002800239 a1-55513-226-X0 aENG04aG 649.1 M4448d1 aMattson, Ralph10aDiscovering your child's design / Ralph Mattson, Thom Black aElgin, ILL., USA : D.C. Cook a205 Pag10515 atextobtxt2rdacontent 2rdamediaasin mediaciónbn 2rdacarrieravolumenbnc